Central Library OPAC University of Rajshahi

Keynes' General theory : (Record no. 42876)

MARC details
000 -LEADER
fixed length control field 00879nam a2200265 a 4500
001 - CONTROL NUMBER
control field 42876
003 - CONTROL NUMBER IDENTIFIER
rucl marc code BD-RjUL
005 - DATE AND TIME OF LATEST TRANSACTION
control field 20211209053616.0
008 - FIXED-LENGTH DATA ELEMENTS--GENERAL INFORMATION
fixed length control field 160616t1964 nyua b 000 0 eng
035 ## - SYSTEM CONTROL NUMBER
System control number (BD-RjUL)42994
040 ## - CATALOGING SOURCE
Original cataloging agency DLC
Transcribing agency DLC
Modifying agency m.c.
-- MYG
-- BD-RjUL
Language of cataloging eng
041 ## - LANGUAGE CODE
Language code of text/sound track or separate title eng
082 ## - DEWEY DECIMAL CLASSIFICATION NUMBER
Edition number 23
Classification number 330.156
Author mark and year KEY 1964
090 ## - LOCALLY ASSIGNED LC-TYPE CALL NUMBER (OCLC); LOCAL CALL NUMBER (OCLC)
Classification number (OCLC) (R) ; Classification number, CALL (RLIN) (NR) HB171.K441
Local cutter number (OCLC) ; Book number/undivided call number, CALL (RLIN) L53
099 ## - LOCAL FREE-TEXT CALL NUMBER (OCLC)
Bangla Class number HB171.K441.L53
245 10 - TITLE STATEMENT
Title Keynes' General theory :
Remainder of title reports of three decades /
Statement of responsibility, etc. Edited by Robert Lekachman
260 ## - PUBLICATION, DISTRIBUTION, ETC. (IMPRINT)
Place of publication, distribution, etc. New York :
Name of publisher, distributor, etc. St. Martin's Press,
Date of publication, distribution, etc. c1964
300 ## - PHYSICAL DESCRIPTION
Pagination xii, 347 p. :
Illustrations ill . ;
Size 22 cm.
504 ## - BIBLIOGRAPHY, ETC. NOTE
Bibliography, etc Bibliography: p. 346-347. Bibliographical footnotes.
600 10 - SUBJECT ADDED ENTRY--PERSONAL NAME
Personal name Keynes, John Maynard,
Dates associated with a name 1883-1946.
650 ## - SUBJECT ADDED ENTRY--TOPICAL TERM
Topical term or geographic name as entry element General theory of employment, interest and money
9 (RLIN) 131701
700 ## - ADDED ENTRY--PERSONAL NAME
Personal name Lekachman, Robert
942 ## - ADDED ENTRY ELEMENTS (KOHA)
Source of classification or shelving scheme Dewey Decimal Classification
Koha item type Books
Holdings
Lost status Source of classification or shelving scheme Damaged status Not for loan Collection code Permanent Location Current Location Shelving location Date acquired Source of acquisition Cost, normal purchase price Total Checkouts Full call number Date last seen Copy number Koha item type
  Dewey Decimal Classification     Non-fiction Central Library, University of Rajshahi Central Library, University of Rajshahi   30/11/1968 Zeitlinger 30.00   330.156 KEY 1964 16/06/2016 C-2 Books
  Dewey Decimal Classification     Non-fiction Central Library, University of Rajshahi Central Library, University of Rajshahi   30/11/1968 Zeitlinger 30.00   330.156 KEY 1964 16/06/2016 C-3 Books
  Dewey Decimal Classification     Non-fiction Central Library, University of Rajshahi Central Library, University of Rajshahi   30/11/1968 Zeitlinger 30.00   330.156 KEY 1964 16/06/2016 C-4 Books
  Dewey Decimal Classification     Non-fiction Central Library, University of Rajshahi Central Library, University of Rajshahi   30/11/1968 Zeitlinger 30.00   330.156 KEY 1964 16/06/2016 C-5 Books
  Dewey Decimal Classification     Non-fiction Central Library, University of Rajshahi Central Library, University of Rajshahi   30/11/1968 Zeitlinger 30.00   330.156 KEY 1964 18/06/2016 C-6 Books